| 000 | 00657cam a22002171 4500 | ||
|---|---|---|---|
| 001 | agr42000419 | ||
| 003 | DLC | ||
| 005 | 20260227111001.0 | ||
| 008 | 810326s1942 dcuab f000 0 eng c | ||
| 010 | _aagr42000419 | ||
| 035 | _a(OCoLC)7266682 | ||
| 040 |
_aU.S. Dept. of Agr. Library _cWaU _dWaU _dDLC |
||
| 042 | _apremarc | ||
| 043 | _an-us-co | ||
| 050 | 0 | 0 |
_aSD428.S24 _bA5 1942 |
| 110 | 1 |
_aUnited States. _bForest Service. _bRocky Mountain Region. |
|
| 245 | 1 | 0 | _aSan Juan National Forest, Colorado. |
| 260 |
_aWashington, _bU.S. Govt. Print. Off., _c1942. |
||
| 300 |
_a22 p. _billus., maps. _c23 cm. |
||
| 651 | 0 | _aSan Juan National Forest (Colo.) | |
| 999 |
_c10211 _d10211 |
||